000 00472nmm a2200157Ia 4500
008 251105s9999||||xx |||||||||||||||||und||
020 _a9786123172749
041 _aspa
100 _aPásara, Luis
245 0 _aLa ilusión de un país distinto
264 _a[Lima, Peru] :
_bPontificia Universidad Católica de Perú,
_c2017
300 _a398 páginas
650 _aSocial Sciences (General)
856 _uhttps://public.digitaliapublishing.com/a/51249
942 _cCF
999 _c76011
_d76011